Cẩm nang phòng ngừa và đối phó với các vụ kiện chống bán phá giá đối với hàng xuất khẩu Việt Nam : Dành cho các doanh nghiệp xuất nhập khẩu

Đã lưu trong:
書目詳細資料
主要作者:  Võ, Thanh Thu
格式: Sách
語言:Undetermined
出版:  Lao động - Xã hội  2009
主題:
標簽: 添加標簽
沒有標簽, 成為第一個標記此記錄!
Thư viện lưu trữ: Trung tâm Thư viện - Trường Đại học Công nghiệp TP. Hồ Chí Minh
LEADER 00710nam a2200157Ia 4500
001 UIH_05054
008 231011s9999 xx 000 0 und d
082 |a  346.59707 
100 |a  Võ, Thanh Thu 
245 0 |a  Cẩm nang phòng ngừa và đối phó với các vụ kiện chống bán phá giá đối với hàng xuất khẩu Việt Nam : Dành cho các doanh nghiệp xuất nhập khẩu 
245 0 |c  Võ, Thanh Thu 
260 |b  Lao động - Xã hội 
260 |c  2009 
650 |a  Xuất khẩu; Luật thương mại;  
927 |a Sách 
980 |a Trung tâm Thư viện - Trường Đại học Công nghiệp TP. Hồ Chí Minh